|
|
|
|
| LEADER |
00548nam a22001577a 4500 |
| 020 |
|
|
|a 9780670087143
|
| 082 |
|
|
|a 616.042
|b SID/G
|
| 100 |
|
|
|a Siddhartha Mukherjee
|9 38852
|
| 245 |
|
|
|a Gene:
|b an ultimate history/
|c by Siddhartha Mukherjee
|
| 260 |
|
|
|a Haryana:
|b Penguine Random House India,
|c 2016.
|
| 300 |
|
|
|a 592p.
|
| 650 |
|
|
|a Genetics
|9 38853
|
| 650 |
|
|
|a Medicine
|9 38854
|
| 942 |
|
|
|c BK
|
| 999 |
|
|
|c 70849
|d 70849
|
| 952 |
|
|
|0 0
|1 0
|4 0
|6 616_042000000000000_SID_G
|7 0
|9 91428
|a SSUS
|b SSUS
|c STACKS
|d 2018-04-03
|g 699.00
|o 616.042 SID/G
|p 088338
|r 2018-04-03
|w 2018-04-03
|y BK
|